000 00284nam a2200097Ia 4500
001 659831
005 20250826160102.0
008 250824s9999 xx 000 0 und d
245 0 _aŞekilli Kimya Sözlüğü
_cCorinne Stockley, Chris Oxlade, Jane Wertheim
260 _bTÜBİTAK YAYINLARI
999 _c659831
_d659831